000 00782nab a2200241 u 4500
001 11619
003 HDC
007 cr bn ---aaaaa
008 210202c20100402my |r|nos 0 a eng d
040 _aHDC
245 0 _aUSM cipta pengesan daging babi
260 _aKuala Lumpur :
_bUtusan Melayu (M) Bhd.,
_c2010
336 _atext
_2rdacontent
337 _acomputer
_2rdamedia
338 _aonline resource
_2rdacarrier
650 _aFood
_xReligious aspects
_xIslam
_9239
650 _aHalal food
_zMalaysia
_9332
710 _aUtusan Malaysia
856 _zRequest full-text at [email protected]
942 _2lcc
942 _cNEWS
942 _kNWSC 000057
999 _c8942
_d8942